[Event "48. Torneo Villa de Mislata - Torneo B"]
[Site "Mislata ESP"]
[Date "2014.08.14"]
[Round "5.5"]
[White "Nicolas Zapata, Javier"]
[Black "Tortosa Fito, Sergio"]
[Result "1-0"]
[WhiteElo "2094"]
[BlackElo "1934"]
[PlyCount "67"]
[EventDate "2014.08.11"]
[EventType "swiss"]
[EventRounds "9"]
[EventCountry "ESP"]
[Source "lmi"]
[SourceDate "2014.08.11"]

1. Nf3 c5 2. e4 e6 3. d4 cxd4 4. Nxd4 a6 5. Nc3 Qc7 6. Bd3 Nf6 7. Qe2 d6 8. f4
Nbd7 9. g4 h6 10. Bd2 b5 11. O-O-O b4 12. Nd5 exd5 13. exd5+ Be7 14. Nf5 Nc5
15. Nxg7+ Kf8 16. Nf5 Nxd3+ 17. Qxd3 Bxf5 18. Qxf5 a5 19. g5 Qd7 20. Qd3 hxg5
21. fxg5 Rh3 22. gxf6 Rxd3 23. fxe7+ Qxe7 24. Bh6+ Kg8 25. Rxd3 Qh4 26. Rg1+
Kh7 27. Bg5 Qxh2 28. Rg4 Qh1+ 29. Rd1 Qf3 30. Rdg1 f5 31. R4g3 Qh5 32. Bf4 Re8
33. R3g2 Re2 34. Rg7+ 1-0

[Event "48. Torneo Villa de Mislata - Torneo B"]
[Site "Mislata ESP"]
[Date "2014.08.14"]
[Round "6.1"]
[White "Lucas Leon, Angel"]
[Black "De Pablos Fernandez, Mariano"]
[Result "0-1"]
[WhiteElo "1863"]
[BlackElo "1952"]
[PlyCount "70"]
[EventDate "2014.08.11"]
[EventType "swiss"]
[EventRounds "9"]
[EventCountry "ESP"]
[Source "lmi"]
[SourceDate "2014.08.11"]

1. d4 d5 2. c4 e6 3. Nc3 f5 4. Nf3 c6 5. Bf4 Nf6 6. e3 Be7 7. Bd3 O-O 8. Qc2
Ne4 9. O-O-O Nd7 10. Rdg1 Ndf6 11. Ne5 Qa5 12. Bxe4 Nxe4 13. Nxe4 dxe4 14. Kb1
c5 15. g4 cxd4 16. exd4 Bf6 17. Rg2 b5 18. Rhg1 Bxe5 19. Bxe5 f4 20. Qxe4 Ba6
21. Bc7 Qxc7 22. Qxe6+ Kh8 23. Qxa6 Qxc4 24. Rd1 Rac8 25. Rgg1 Rc6 26. Qa3 Qc2+
27. Ka1 Rfc8 28. b3 Qxf2 29. d5 Rc2 30. d6 Rd2 31. Rc1 Qd4+ 32. Kb1 Rd8 33.
Rge1 b4 34. d7 h6 35. Re8+ Kh7 0-1

[Event "48. Torneo Villa de Mislata - Torneo B"]
[Site "Mislata ESP"]
[Date "2014.08.14"]
[Round "6.3"]
[White "Galvez Perez, Jose Luis"]
[Black "Nicolas Zapata, Javier"]
[Result "0-1"]
[WhiteElo "1966"]
[BlackElo "2094"]
[PlyCount "32"]
[EventDate "2014.08.11"]
[EventType "swiss"]
[EventRounds "9"]
[EventCountry "ESP"]
[Source "lmi"]
[SourceDate "2014.08.11"]

1. d4 g6 2. Nf3 Nf6 3. Bf4 Bg7 4. e3 O-O 5. Be2 d6 6. h3 Nfd7 7. O-O e5 8. Bh2
Nc6 9. c3 f5 10. Nbd2 g5 11. d5 Ne7 12. Nxg5 Nb6 13. Ne6 Bxe6 14. dxe6 d5 15.
Bh5 Ng6 16. Nf3 Qf6 0-1

[Event "48. Torneo Villa de Mislata - Torneo B"]
[Site "Mislata ESP"]
[Date "2014.08.14"]
[Round "6.4"]
[White "Llamazares Lopez, Marcos"]
[Black "Roca Cruz, Rafael"]
[Result "1-0"]
[WhiteElo "2051"]
[BlackElo "1950"]
[PlyCount "65"]
[EventDate "2014.08.11"]
[EventType "swiss"]
[EventRounds "9"]
[EventCountry "ESP"]
[Source "lmi"]
[SourceDate "2014.08.11"]

1. c4 c6 2. d4 d6 3. Nc3 Qc7 4. e4 e5 5. Nf3 Bg4 6. Be2 Nd7 7. h3 Bh5 8. Be3
Be7 9. d5 Ngf6 10. Nd2 Bxe2 11. Qxe2 cxd5 12. cxd5 a6 13. a4 Rc8 14. a5 Nc5 15.
O-O O-O 16. Rfc1 b5 17. axb6 Qxb6 18. Nc4 Qb4 19. Bxc5 Rxc5 20. Ra4 Qb3 21.
Rca1 Rb8 22. R4a3 Qb7 23. b4 Rc7 24. Na5 Qc8 25. Nc6 Ra8 26. Rxa6 Rxa6 27. Rxa6
g6 28. b5 Bd8 29. Qa2 Qd7 30. b6 Rxc6 31. dxc6 Qxc6 32. b7 Qc7 33. Qa5 1-0

[Event "48. Torneo Villa de Mislata - Torneo B"]
[Site "Mislata ESP"]
[Date "2014.08.14"]
[Round "6.5"]
[White "Gil Juan, German"]
[Black "Martin Ayala, David"]
[Result "1-0"]
[WhiteElo "1853"]
[BlackElo "2020"]
[PlyCount "88"]
[EventDate "2014.08.11"]
[EventType "swiss"]
[EventRounds "9"]
[EventCountry "ESP"]
[Source "lmi"]
[SourceDate "2014.08.11"]

1. e4 e6 2. d4 d5 3. exd5 exd5 4. Bd3 Nf6 5. Nf3 Bd6 6. O-O O-O 7. Bg5 Be6 8.
Nc3 c5 9. Nb5 Be7 10. dxc5 Na6 11. c6 bxc6 12. Nbd4 Qb6 13. Ne5 Nb4 14. Nxe6
Nxd3 15. Qxd3 fxe6 16. Bxf6 Bxf6 17. Nd7 Qxb2 18. Rab1 Qxa2 19. Nxf8 Rxf8 20.
Rb3 Be7 21. Qc3 Qa6 22. Re1 Bf6 23. Qe3 Re8 24. Reb1 d4 25. Qe4 Qc8 26. g3 e5
27. Kg2 Qe6 28. Rb7 a5 29. R7b6 Rc8 30. Rb8 a4 31. Rxc8+ Qxc8 32. Rb6 c5 33.
Qd5+ Kf8 34. Rc6 Qf5 35. Qxc5+ Be7 36. Qd5 a3 37. Ra6 g5 38. Ra8+ Kg7 39. h3
Kh6 40. Ra6+ Kg7 41. Ra8 Kh6 42. Ra7 Bf6 43. Rxa3 Qxc2 44. Rf3 Qg6 1-0

[Event "48. Torneo Villa de Mislata - Torneo B"]
[Site "Mislata ESP"]
[Date "2014.08.14"]
[Round "6.8"]
[White "Bas Mas, Miguel"]
[Black "Ortin Blanco, Inigo"]
[Result "1-0"]
[WhiteElo "2082"]
[BlackElo "1741"]
[PlyCount "41"]
[EventDate "2014.08.11"]
[EventType "swiss"]
[EventRounds "9"]
[EventCountry "ESP"]
[Source "lmi"]
[SourceDate "2014.08.11"]

1. b3 d5 2. Bb2 Nc6 3. e3 Nf6 4. Nf3 Bg4 5. d4 e6 6. Be2 Bd6 7. O-O O-O 8. c4
Nb8 9. h3 Bh5 10. Nbd2 Nbd7 11. Rc1 b6 12. Ne5 Bxe2 13. Qxe2 c5 14. Ndf3 Ne4
15. Nxd7 Qxd7 16. dxc5 Bxc5 17. Rfd1 Rfd8 18. cxd5 exd5 19. Ne5 Qf5 20. Nc6 Rd6
21. Ne7+ 1-0

[Event "48. Torneo Villa de Mislata - Torneo B"]
[Site "Mislata ESP"]
[Date "2014.08.15"]
[Round "7.1"]
[White "De Pablos Fernandez, Mariano"]
[Black "Cebrian Flores, Juan Antonio"]
[Result "0-1"]
[WhiteElo "1952"]
[BlackElo "1995"]
[PlyCount "56"]
[EventDate "2014.08.11"]
[EventType "swiss"]
[EventRounds "9"]
[EventCountry "ESP"]
[Source "lmi"]
[SourceDate "2014.08.11"]

1. d4 g6 2. Bf4 Nf6 3. e3 Bg7 4. Bd3 d6 5. Nf3 O-O 6. Nbd2 Nfd7 7. c3 h6 8. e4
e5 9. Be3 Nc6 10. d5 Ne7 11. g3 f5 12. Nh4 Nf6 13. Qc2 fxe4 14. Nxe4 Nfxd5 15.
O-O-O Nxe3 16. fxe3 g5 17. Ng2 d5 18. h4 g4 19. Ng5 Nf5 20. e4 Nxg3 21. exd5
hxg5 22. d6 Be6 23. dxc7 Qf6 24. Bh7+ Kh8 25. hxg5 Qxg5+ 26. Kb1 Nxh1 27. Rxh1
Bh6 28. Nh4 Qxh4 0-1

[Event "48. Torneo Villa de Mislata - Torneo B"]
[Site "Mislata ESP"]
[Date "2014.08.15"]
[Round "7.2"]
[White "Nicolas Zapata, Javier"]
[Black "Corona Gentil, Jose Luis"]
[Result "1/2-1/2"]
[WhiteElo "2094"]
[BlackElo "2024"]
[PlyCount "51"]
[EventDate "2014.08.11"]
[EventType "swiss"]
[EventRounds "9"]
[EventCountry "ESP"]
[Source "lmi"]
[SourceDate "2014.08.11"]

1. d4 d5 2. c4 c6 3. cxd5 cxd5 4. Nc3 e6 5. Bf4 Bd6 6. Bxd6 Qxd6 7. Rc1 Nc6 8.
Nf3 Nf6 9. e3 O-O 10. Bd3 e5 11. dxe5 Nxe5 12. Nxe5 Qxe5 13. Be2 Be6 14. O-O
Ne4 15. Qd3 Nxc3 16. Rxc3 Rac8 17. Rfc1 Rxc3 18. Rxc3 Rc8 19. Qb5 g6 20. Rxc8+
Bxc8 21. Bf3 Be6 22. e4 a6 23. Qxb7 dxe4 24. Bxe4 Bxa2 25. Bd3 Kg7 26. Qxa6
1/2-1/2

[Event "48. Torneo Villa de Mislata - Torneo B"]
[Site "Mislata ESP"]
[Date "2014.08.15"]
[Round "7.3"]
[White "Davidovas Chananovas, Norman"]
[Black "Llamazares Lopez, Marcos"]
[Result "0-1"]
[WhiteElo "1943"]
[BlackElo "2051"]
[PlyCount "86"]
[EventDate "2014.08.11"]
[EventType "swiss"]
[EventRounds "9"]
[EventCountry "ESP"]
[Source "lmi"]
[SourceDate "2014.08.11"]

1. e4 c5 2. Nf3 Nc6 3. d4 cxd4 4. Nxd4 g6 5. Nc3 Bg7 6. Be3 Nf6 7. Bc4 Qa5 8.
O-O O-O 9. a3 d6 10. b4 Qd8 11. f3 Bd7 12. Qd2 Rc8 13. Bb3 Ne5 14. Nd1 a6 15.
a4 Nc4 16. Bxc4 Rxc4 17. Nb2 Rc8 18. c4 Ne8 19. Rfd1 f5 20. exf5 gxf5 21. Ra3
e5 22. Nb3 Be6 23. Na5 Rf7 24. c5 d5 25. Nbc4 f4 26. Bf2 Qg5 27. Nb6 Rd8 28. c6
bxc6 29. Nxc6 Rd6 30. b5 d4 31. Rc1 Bf8 32. bxa6 Bh3 33. g3 Rxc6 34. Rxc6 Bxa3
35. a7 Rxa7 36. Qa2+ Kg7 37. Qxa3 h5 38. Qc1 Rf7 39. Kh1 Qf5 40. Qd1 fxg3 41.
Bxg3 h4 42. Bxe5+ Qxe5 43. Qg1+ Kf8 0-1

[Event "48. Torneo Villa de Mislata - Torneo B"]
[Site "Mislata ESP"]
[Date "2014.08.15"]
[Round "7.4"]
[White "Guerra Reig, Juan"]
[Black "Lucas Leon, Angel"]
[Result "1-0"]
[WhiteElo "1975"]
[BlackElo "1863"]
[PlyCount "63"]
[EventDate "2014.08.11"]
[EventType "swiss"]
[EventRounds "9"]
[EventCountry "ESP"]
[Source "lmi"]
[SourceDate "2014.08.11"]

1. c4 Nf6 2. Nc3 g6 3. g3 d5 4. cxd5 Nxd5 5. Bg2 Nxc3 6. bxc3 Bg7 7. Nf3 O-O 8.
O-O c6 9. Qb3 Qc7 10. Rb1 Nd7 11. Ba3 Nb6 12. Bc5 Re8 13. Ng5 e6 14. Ne4 Rd8
15. d4 Bf8 16. e3 Nd7 17. Bxf8 Rxf8 18. f4 b6 19. Qa3 Bb7 20. Qe7 Rae8 21. Qxd7
Re7 22. Qxc7 Rxc7 23. c4 Ba6 24. Rb4 Kg7 25. Ra4 Bc8 26. c5 b5 27. Ra5 Bd7 28.
Nd6 f5 29. Rb1 Rb8 30. Rb4 Rcb7 31. a4 bxa4 32. Rbxa4 1-0

[Event "48. Torneo Villa de Mislata - Torneo B"]
[Site "Mislata ESP"]
[Date "2014.08.15"]
[Round "7.5"]
[White "Lozano Gil, Jose Luis"]
[Black "Bas Mas, Miguel"]
[Result "0-1"]
[WhiteElo "1963"]
[BlackElo "2082"]
[PlyCount "163"]
[EventDate "2014.08.11"]
[EventType "swiss"]
[EventRounds "9"]
[EventCountry "ESP"]
[Source "lmi"]
[SourceDate "2014.08.11"]

1. e4 Nf6 2. e5 Nd5 3. d4 d6 4. Nf3 dxe5 5. Nxe5 c6 6. c4 Nb4 7. a3 Qxd4 8. Qe2
Nc2+ 9. Qxc2 Qxe5+ 10. Be2 Na6 11. O-O Nc5 12. Be3 Bf5 13. Qc3 Qxc3 14. Nxc3
Nb3 15. Rae1 e6 16. f3 Bc5 17. Kf2 Rd8 18. Bxc5 Nxc5 19. Ke3 Nd3 20. Rb1 Ke7
21. Ne4 Bxe4 22. fxe4 Ne5 23. c5 Rd7 24. Rbd1 b6 25. Rxd7+ Nxd7 26. cxb6 axb6
27. Rc1 Ne5 28. Rd1 Ra8 29. Kf4 f6 30. Rc1 Ra4 31. Ke3 f5 32. exf5 exf5 33. Rc3
Rh4 34. h3 Ke6 35. b4 Kd5 36. Rc1 Re4+ 37. Kd2 g6 38. Rc3 Kd4 39. Bf3 Nc4+ 40.
Kc2 Re3 41. Rxe3 Nxe3+ 42. Kd2 Nc4+ 43. Kc1 Ne5 44. Bd1 Kc3 45. Ba4 b5 46. Bd1
f4 47. h4 Nd3+ 48. Kb1 Ne1 49. h5 gxh5 50. Bxh5 Nd3 51. Ka1 Ne5 52. Ka2 Kd3 53.
Kb3 Ke3 54. Kc3 h6 55. Be8 Ke4 56. Bh5 Kd5 57. Bd1 Kd6 58. Kd4 Nc4 59. a4 Ne3
60. axb5 cxb5 61. Bf3 Nc2+ 62. Kc3 Na3 63. Kd3 Ke5 64. Bh5 Nc4 65. Be8 Nd6 66.
Bg6 Nf5 67. Be8 Nd6 68. Bg6 Nf5 69. Be8 Nd6 70. Bg6 Nc4 71. Be8 Na3 72. Bh5 Kf5
73. Kd4 Kg5 74. Be2 h5 75. Kc5 h4 76. Bf3 Kf5 77. Kd4 Nc2+ 78. Kd3 Ne1+ 79. Ke2
Nxf3 80. Kxf3 Kg5 81. Kf2 Kg4 82. Kg1 0-1

[Event "48. Torneo Villa de Mislata - Torneo B"]
[Site "Mislata ESP"]
[Date "2014.08.16"]
[Round "8.1"]
[White "Llamazares Lopez, Marcos"]
[Black "Guerra Reig, Juan"]
[Result "1/2-1/2"]
[WhiteElo "2051"]
[BlackElo "1975"]
[PlyCount "122"]
[EventDate "2014.08.11"]
[EventType "swiss"]
[EventRounds "9"]
[EventCountry "ESP"]
[Source "lmi"]
[SourceDate "2014.08.11"]

1. c4 c5 2. Nc3 Nc6 3. Nf3 d6 4. d4 cxd4 5. Nxd4 g6 6. e4 Bg7 7. Be3 Nf6 8. Be2
O-O 9. O-O Bd7 10. Qd2 Nxd4 11. Bxd4 Bc6 12. f3 Nd7 13. Be3 Nc5 14. Rab1 a5 15.
b3 Re8 16. a3 Qc8 17. Nd5 Bxd5 18. cxd5 Qd7 19. Rfc1 Rec8 20. a4 b6 21. Bb5 Qd8
22. Rc4 Nd7 23. Rxc8 Rxc8 24. Bxd7 Qxd7 25. Bxb6 Bc3 26. Qe3 Qb7 27. Rc1 Bb4
28. Bd4 Qa6 29. h4 f6 30. Rxc8+ Qxc8 31. Qd3 Qc1+ 32. Kh2 Qe1 33. g3 h5 34. Kg2
Qc1 35. Be3 Qb2+ 36. Kf1 Qh2 37. Bf2 Qh1+ 38. Ke2 Qc1 39. f4 g5 40. hxg5 fxg5
41. fxg5 Qxg5 42. Qe3 Qe5 43. Kf3 Qf6+ 44. Kg2 Bc5 45. Qf4 Qb2 46. Qg5+ Kf8 47.
Qh6+ Kg8 48. Qg6+ Kf8 49. Qf5+ Kg8 50. Qe6+ Kf8 51. Qf5+ Kg8 52. Kg1 Bxf2+ 53.
Qxf2 Qxb3 54. Qf4 Qxa4 55. Qg5+ Kf8 56. Qf5+ Kg7 57. Qg5+ Kf8 58. Qh6+ Kg8 59.
Qe6+ Kf8 60. Qh6+ Kg8 61. Qg6+ Kf8 1/2-1/2

[Event "48. Torneo Villa de Mislata - Torneo B"]
[Site "Mislata ESP"]
[Date "2014.08.16"]
[Round "8.2"]
[White "Cebrian Flores, Juan Antonio"]
[Black "Nicolas Zapata, Javier"]
[Result "1-0"]
[WhiteElo "1995"]
[BlackElo "2094"]
[PlyCount "55"]
[EventDate "2014.08.11"]
[EventType "swiss"]
[EventRounds "9"]
[EventCountry "ESP"]
[Source "lmi"]
[SourceDate "2014.08.11"]

1. e4 e6 2. d4 d5 3. Nc3 Nf6 4. Bg5 dxe4 5. Nxe4 Be7 6. Bxf6 gxf6 7. Nf3 a6 8.
Bd3 f5 9. Ned2 c5 10. dxc5 Bxc5 11. Qe2 Qf6 12. c3 Bd7 13. Nb3 Be7 14. Ne5 Bd6
15. Nc4 Bc7 16. O-O-O Nc6 17. Ne3 Ne7 18. Rhe1 Bf4 19. g3 Bxe3+ 20. Qxe3 Nd5
21. Qe2 O-O 22. Qh5 Bc6 23. Nd4 Rac8 24. Nxf5 exf5 25. Bxf5 Qg7 26. Rxd5 Rce8
27. Rxe8 Rxe8 28. Rd4 1-0

[Event "48. Torneo Villa de Mislata - Torneo B"]
[Site "Mislata ESP"]
[Date "2014.08.16"]
[Round "8.3"]
[White "Bas Mas, Miguel"]
[Black "De Pablos Fernandez, Mariano"]
[Result "1-0"]
[WhiteElo "2082"]
[BlackElo "1952"]
[PlyCount "85"]
[EventDate "2014.08.11"]
[EventType "swiss"]
[EventRounds "9"]
[EventCountry "ESP"]
[Source "lmi"]
[SourceDate "2014.08.11"]

1. e4 g6 2. d4 Bg7 3. f4 d6 4. Nf3 c5 5. c3 Nf6 6. dxc5 O-O 7. e5 Ne4 8. cxd6
exd6 9. Nbd2 Nxd2 10. Qxd2 dxe5 11. Qxd8 Rxd8 12. Nxe5 Re8 13. Kf2 Bxe5 14.
fxe5 Rxe5 15. Bf4 Re8 16. g3 Nc6 17. Bg2 Be6 18. Rhd1 Rad8 19. b3 f6 20. Be3 a6
21. Bb6 Rxd1 22. Rxd1 Bg4 23. Re1 Rxe1 24. Kxe1 Bc8 25. Kd2 Kf7 26. c4 f5 27.
Kc3 g5 28. b4 h5 29. Bc7 Ne7 30. b5 axb5 31. cxb5 Ke6 32. Kd4 Ng6 33. Kc5 f4
34. gxf4 g4 35. Kb6 Kf5 36. Bxb7 Bxb7 37. Kxb7 h4 38. Ka8 h3 39. Bb6 Nxf4 40.
Bf2 Ne2 41. b6 g3 42. Bxg3 Nxg3 43. b7 1-0

[Event "48. Torneo Villa de Mislata - Torneo B"]
[Site "Mislata ESP"]
[Date "2014.08.16"]
[Round "8.4"]
[White "Corona Gentil, Jose Luis"]
[Black "Gil Juan, German"]
[Result "0-1"]
[WhiteElo "2024"]
[BlackElo "1853"]
[PlyCount "66"]
[EventDate "2014.08.11"]
[EventType "swiss"]
[EventRounds "9"]
[EventCountry "ESP"]
[Source "lmi"]
[SourceDate "2014.08.11"]

1. d4 g6 2. g3 Bg7 3. Bg2 Nf6 4. Nf3 O-O 5. O-O d6 6. c4 c6 7. Nc3 Nbd7 8. e4
Nb6 9. Qe2 Be6 10. b3 Bg4 11. Bb2 Nfd7 12. h3 Bxf3 13. Bxf3 Bxd4 14. Nd1 Bxb2
15. Nxb2 Ne5 16. Bg2 c5 17. f4 Nc6 18. e5 Nd4 19. Qg4 Nc2 20. Bxb7 Rb8 21. Be4
Ne3 22. Qf3 Nxf1 23. Rxf1 f5 24. exf6 exf6 25. f5 Qe8 26. Nd3 g5 27. h4 h6 28.
hxg5 hxg5 29. Nf2 Nd7 30. Bd5+ Kg7 31. Be6 Ne5 32. Qe3 Rh8 33. Ne4 Qh5 0-1

[Event "48. Torneo Villa de Mislata - Torneo B"]
[Site "Mislata ESP"]
[Date "2014.08.16"]
[Round "8.5"]
[White "Baeza Garcia, Agustin"]
[Black "Capella Gimenez, Jose M"]
[Result "1-0"]
[WhiteElo "1927"]
[BlackElo "2072"]
[PlyCount "85"]
[EventDate "2014.08.11"]
[EventType "swiss"]
[EventRounds "9"]
[EventCountry "ESP"]
[Source "lmi"]
[SourceDate "2014.08.11"]

1. d4 Nf6 2. c4 g6 3. Nc3 Bg7 4. e4 d6 5. Nf3 O-O 6. h3 e5 7. d5 Na6 8. Bg5 h6
9. Be3 Nc5 10. Nd2 a5 11. Be2 Nh7 12. g4 f5 13. exf5 gxf5 14. Rg1 fxg4 15. hxg4
Ng5 16. Qc2 Nh3 17. Rg3 Nf4 18. Nde4 Nxe4 19. Nxe4 Bd7 20. O-O-O Qe7 21. Qd2
Kf7 22. Rh1 Ke8 23. Bd1 Kd8 24. c5 Qf7 25. Bb3 Bb5 26. a4 Ne2+ 27. Kb1 Nxg3 28.
Nxg3 Bd7 29. cxd6 cxd6 30. Bb6+ Ke7 31. Bd1 Rac8 32. Ne4 Rc4 33. Qd3 Rfc8 34.
b3 Rc1+ 35. Kb2 Bxg4 36. Bxg4 Rxh1 37. Bxc8 Qf4 38. Qc2 Re1 39. Qc7+ Kf8 40.
Qd8+ Kf7 41. Be6+ Kg6 42. Qe8+ Kh7 43. Bg8+ 1-0

[Event "48. Torneo Villa de Mislata - Torneo B"]
[Site "Mislata ESP"]
[Date "2014.08.17"]
[Round "9.1"]
[White "Gil Juan, German"]
[Black "Cebrian Flores, Juan Antonio"]
[Result "0-1"]
[WhiteElo "1853"]
[BlackElo "1995"]
[PlyCount "86"]
[EventDate "2014.08.11"]
[EventType "swiss"]
[EventRounds "9"]
[EventCountry "ESP"]
[Source "lmi"]
[SourceDate "2014.08.11"]

1. e4 d6 2. Nc3 g6 3. g3 Bg7 4. Bg2 c5 5. d3 Nc6 6. f4 e6 7. Nf3 Nge7 8. O-O
O-O 9. Bd2 Rb8 10. Rb1 b5 11. a3 a5 12. a4 bxa4 13. Nxa4 Ba6 14. b3 Qc7 15. Kh1
Nd4 16. e5 dxe5 17. Nxe5 Rb5 18. Nc3 Rbb8 19. Nc4 Rfd8 20. Ne4 Rb5 21. Ra1 Nec6
22. Ra2 Nb4 23. Rb2 Rbb8 24. Rb1 Ndxc2 25. Rc1 Nd4 26. f5 e5 27. fxg6 hxg6 28.
Nf6+ Bxf6 29. Rxf6 Nxd3 30. Bxa5 Qe7 31. Rxg6+ fxg6 32. Qxd3 Rd6 33. Qe3 Rxb3
34. Qxe5 Qxe5 35. Nxe5 Ne2 36. Re1 Re3 37. Nf3 c4 38. Bb4 Rd8 39. Bc5 Ree8 40.
Bf1 c3 41. Ra1 c2 42. Ba3 Rd1 43. Ne1 Rxa1 0-1

[Event "48. Torneo Villa de Mislata - Torneo B"]
[Site "Mislata ESP"]
[Date "2014.08.17"]
[Round "9.2"]
[White "Guerra Reig, Juan"]
[Black "Bas Mas, Miguel"]
[Result "0-1"]
[WhiteElo "1975"]
[BlackElo "2082"]
[PlyCount "104"]
[EventDate "2014.08.11"]
[EventType "swiss"]
[EventRounds "9"]
[EventCountry "ESP"]
[Source "lmi"]
[SourceDate "2014.08.11"]

1. c4 Nf6 2. Nc3 d6 3. g3 Nbd7 4. Bg2 e5 5. d3 g6 6. e4 Bg7 7. Nge2 O-O 8. O-O
c6 9. h3 h6 10. Kh2 Kh7 11. Be3 Re8 12. Qd2 Nf8 13. f4 exf4 14. Nxf4 Qe7 15.
Rae1 Ne6 16. Nxe6 Bxe6 17. b3 Qf8 18. d4 Qh8 19. Re2 Re7 20. Ref2 Kg8 21. Bf4
Ne8 22. Ne2 Rd8 23. d5 Bc8 24. dxc6 bxc6 25. Be3 Nf6 26. e5 Rxe5 27. Bd4 Ne4
28. Bxe4 Rxe4 29. Bxg7 Qxg7 30. Qa5 Rde8 31. Nf4 R4e7 32. Rd1 Qe5 33. Qxe5 dxe5
34. Ne2 f5 35. Nc3 e4 36. Kg2 Kf7 37. Na4 e3 38. Rf4 g5 39. Rfd4 e2 40. Re1 Re5
41. b4 Re4 42. Rxe4 Rxe4 43. Kf2 Rxc4 44. a3 f4 45. Rxe2 Bxh3 46. gxf4 Rxf4+
47. Kg3 Be6 48. Re5 Bd5 49. Re3 a5 50. Nb6 axb4 51. Nxd5 cxd5 52. a4 b3 0-1

[Event "48. Torneo Villa de Mislata - Torneo B"]
[Site "Mislata ESP"]
[Date "2014.08.17"]
[Round "9.3"]
[White "Llamazares Lopez, Marcos"]
[Black "Fernandez Gil, Ruben Carlos"]
[Result "0-1"]
[WhiteElo "2051"]
[BlackElo "2008"]
[PlyCount "82"]
[EventDate "2014.08.11"]
[EventType "swiss"]
[EventRounds "9"]
[EventCountry "ESP"]
[Source "lmi"]
[SourceDate "2014.08.11"]

1. c4 e5 2. Nc3 Nc6 3. e4 g6 4. g3 Bg7 5. Bg2 d6 6. Nge2 h5 7. d3 h4 8. Nd5 h3
9. Bf3 Be6 10. Be3 Qd7 11. Qd2 Nd8 12. Qa5 b6 13. Qa3 Nb7 14. b4 Nf6 15. Nec3
O-O 16. Nxf6+ Bxf6 17. Nd5 Bg7 18. Bh6 Bg4 19. Bxg7 Kxg7 20. Bxg4 Qxg4 21. Nxc7
Rac8 22. Nd5 Qf3 23. Rf1 Rxc4 24. Ne3 Rc7 25. Rc1 Rfc8 26. Rxc7 Rxc7 27. Kd2 a5
28. bxa5 bxa5 29. Qa4 Nc5 30. Qxa5 Rb7 31. Qa3 f5 32. exf5 gxf5 33. Qc1 Rb3 34.
Qxc5 Rxd3+ 35. Kxd3 dxc5 36. Kd2 f4 37. gxf4 exf4 38. Rg1+ Kf8 39. Nd1 c4 40.
Rg5 Qd3+ 41. Kc1 c3 0-1

[Event "48. Torneo Villa de Mislata - Torneo B"]
[Site "Mislata ESP"]
[Date "2014.08.17"]
[Round "9.4"]
[White "Martin Ayala, David"]
[Black "Baeza Garcia, Agustin"]
[Result "1-0"]
[WhiteElo "2020"]
[BlackElo "1927"]
[PlyCount "45"]
[EventDate "2014.08.11"]
[EventType "swiss"]
[EventRounds "9"]
[EventCountry "ESP"]
[Source "lmi"]
[SourceDate "2014.08.11"]

1. e4 e6 2. d4 d5 3. Nd2 Be7 4. e5 c5 5. c3 cxd4 6. cxd4 Nc6 7. Nb3 Qb6 8. Nf3
a5 9. a4 Bd7 10. Bb5 Bb4+ 11. Bd2 Nge7 12. Bxb4 Nxb4 13. Bxd7+ Kxd7 14. Nc5+
Ke8 15. O-O Nf5 16. Ra3 Ke7 17. g4 Nh6 18. Qd2 Rhc8 19. Re1 Rc7 20. Ng5 Rh8 21.
Rf3 Qc6 22. Rc1 Qe8 23. Ngxe6 1-0

[Event "48. Torneo Villa de Mislata - Torneo B"]
[Site "Mislata ESP"]
[Date "2014.08.17"]
[Round "9.5"]
[White "Davidovas Chananovas, Norman"]
[Black "Lucas Leon, Angel"]
[Result "0-1"]
[WhiteElo "1943"]
[BlackElo "1863"]
[PlyCount "52"]
[EventDate "2014.08.11"]
[EventType "swiss"]
[EventRounds "9"]
[EventCountry "ESP"]
[Source "lmi"]
[SourceDate "2014.08.11"]

1. e4 c6 2. d4 d5 3. Nc3 dxe4 4. Nxe4 Bf5 5. Ng3 Bg6 6. h4 h6 7. f4 Qc7 8. h5
Bh7 9. Bd3 Bxd3 10. Qxd3 Nf6 11. Nf3 Nbd7 12. Bd2 e6 13. O-O-O c5 14. Ne5 Be7
15. Rhe1 O-O 16. Nxd7 Qxd7 17. Qe2 cxd4 18. Ne4 Rac8 19. Kb1 Qa4 20. Nxf6+ Bxf6
21. Qd3 Rc5 22. g4 Rfc8 23. Rc1 Rb5 24. Rg1 Rc6 25. Qxb5 Qxb5 26. Ka1 Rc5 0-1